Statistics for South Dakota's At-Large Congressional Dist. Reps by Picture

Click here to take the quiz!

General Stats

  • This quiz has been taken 3 times
  • The average score is 12 of 19

Answer Stats

Answer% Correct
Bill Janklow
100%
Dusty Johnson
100%
John Thune
100%
Kristi Noem
100%
Stephanie Herseth Sandlin
100%
Tim Johnson
100%
Tom Daschle
100%
Charles H. Burke
67%
John Edward Kelley
67%
John Pickler
67%
Philo Hall
67%
Eben W. Martin
33%
Freeman Knowles
33%
John L. Jolley
33%
John Rankin Gamble
33%
Oscar S. Gifford
33%
Robert J. Gamble
33%
William H. Parker
33%
William V. Lucas
33%

Score Distribution

Percentile by Number Answered

Percent of People with Each Score

Your Score History

You have not taken this quiz